Elements of finance (Record no. 80698)

MARC details
000 -LEADER
fixed length control field 00508nam a22001937a 4500
005 - DATE AND TIME OF LATEST TRANSACTION
control field 20240712215700.0
040 ## - CATALOGING SOURCE
Transcribing agency urs
050 ## - LIBRARY OF CONGRESS CALL NUMBER
Classification number HG 173 M37 2014
100 ## - MAIN ENTRY--PERSONAL NAME
Personal name Lopez-Mariano, Norma Dy
Relator term author
245 ## - TITLE STATEMENT
Title Elements of finance
Statement of responsibility, etc Norma Dy Lopez-Mariano
250 ## - EDITION STATEMENT
Edition statement 1st Edition
260 ## - PUBLICATION, DISTRIBUTION, ETC. (IMPRINT)
Place of publication, distribution, etc Manila
Name of publisher, distributor, etc REX Book Store
Date of publication, distribution, etc 2014
300 ## - PHYSICAL DESCRIPTION
Extent 294 pages
336 ## - CONTENT TYPE
Source rdacontent
Content type term text
Content type code txt
337 ## - MEDIA TYPE
Source rdamedia
Media type term unmediated
Media type code n
338 ## - CARRIER TYPE
Source rdacarrier
Carrier type term volume
Carrier type code nc
650 ## - SUBJECT ADDED ENTRY--TOPICAL TERM
Source of heading or term Finance
942 ## - ADDED ENTRY ELEMENTS (KOHA)
Source of classification or shelving scheme Library of Congress Classification
Koha item type Books
Holdings
Withdrawn status Lost status Source of classification or shelving scheme Damaged status Not for loan Home library Current library Shelving location Date acquired Total Checkouts Full call number Barcode Date last seen Price effective from Koha item type
    Library of Congress Classification     Binangonan College Library Binangonan College Library Filipiniana Section 07/12/2024   HG 173 M37 2014 URSBIN-3911 07/12/2024 07/12/2024 Books

University of Rizal System
Email us at univlibservices@urs.edu.ph

Visit our Website www.urs.edu.ph/library